000 nam a22 a 4500
999 _c1788
_d1788
003 AKMAL
005 20170512090512.0
008 170512s1995 my e 001 0 eng d
020 _a9839998404 :
_cRM29.00
039 9 _a201205021223
_bw_saiful
_c201106150901
_dmanoriah
_c200506251157
_dsharizal
_c200506251157
_dsharizal
040 _aAKMAL
082 0 4 _a342.59506 RAI
090 0 0 _a342.59506
_bRAI
100 0 _aRais Yatim,
_cDatuk Seri Utama,
_d1942-
_92899
245 1 0 _aFreedom under executive power in Malaysia :
_ba study of executive supremacy /
_cRais Yatim
260 _aKuala Lumpur :
_bEndowment ,
_c1995
300 _axvii, 434p. :
_c22cm
500 _aIncludes index
504 _aBibliografi: p. 400 - 411
650 1 0 _aExecutive power
_zMalaysia
_93169
650 2 0 _aConstitutional law
_zMalaysia
_9437
942 _2ddc
_cBOOK